000
00290nam a22001337a 4500
008
181025b xxu||||| |||| 00| 0 eng d
020
_a
9781107603011
041
_a
eng
080
_a
371
100
_a
46
101
_a
EDU
245
_a
Acadimic Encounters
_c
Espeseth,M
942
_2
udc
_c
BK
999
_c
50902
_d
50902